Sports Quiz

Random Sports or Celebrity Quiz

UFC Light Heavyweight Champions Quiz Stats

 Plays Quiz Updated May 31, 2019

Score 0/14 Timer 03:00
2 Plays Today
Date Champion % Correct
2015Daniel Cormier
87.2%
2007Quinton Jackson
85.5%
2005Chuck Liddell
85.1%
2008Rashad Evans
81.4%
2009Lyoto Machida
77.9%
2008Forrest Griffin
76.4%
2000Tito Ortiz
74.5%
Date Champion % Correct
2003Randy Couture
73%
2003Randy Couture
73%
2004Randy Couture
73%
1997Frank Shamrock
52.3%
2010Mauricio Rua
50.2%
2011Jon Jones
44.4%
2004Vitor Belfort
41.1%

You're not logged in!

Compare scores with friends on all Sporcle quizzes.
OR
Log In

Sporcle TV

Today on Sporcle TV


Watch our educational content, quiz creation guides, and fun videos on Sporcle TV.

Show Comments

Extras

Top Quizzes Today


Score Distribution

Your Account Isn't Verified!

In order to create a playlist on Sporcle, you need to verify the email address you used during registration. Go to your Sporcle Settings to finish the process.

Report this User

Report this user for behavior that violates our Community Guidelines.

Details: